| 000 | 00822nam a2200253 a 4500 | ||
|---|---|---|---|
| 001 | 59950 | ||
| 003 | BD-RjUL | ||
| 005 | 20211209080804.0 | ||
| 008 | 121628s1959 cauad 001 0 eng | ||
| 035 | _a(BD-RjUL) 60074 | ||
| 040 |
_aDLC _cDLC _dUKM _dEQO _dBD-RjUL _beng |
||
| 041 | _aeng | ||
| 082 |
_a551.7 _223 _bKRS 1959 |
||
| 100 | 1 |
_aKrumbein, William Christian, _d1902-1979. _9178330 |
|
| 245 | 1 | 0 |
_aStratigraphy and sedimentation / _cW.C. Krumbein and L.L. Sloss. |
| 250 | _a2nd ed. | ||
| 260 |
_aSan Francisco : _bW. H. Freeman, _c1959 |
||
| 300 |
_axvi, 660 p. : _bill. ; _c25 cm. |
||
| 504 | _aBibliography: p. 591-620 and index. | ||
| 650 | 0 |
_aGeology, Stratigraphic. _9178331 |
|
| 650 | 0 |
_aSedimentation and deposition. _9178332 |
|
| 700 | 1 |
_aSloss, L. L. _q(Laurence Louis), _d1913- _9178333 |
|
| 942 |
_2ddc _cBK |
||
| 999 |
_c59950 _d59950 |
||